grootste rijken ooit ter wereld - Statistieken

Algemene statistieken
  • Deze quiz is 22 keer genomen
  • De gemiddelde score is 10 van 15
Antwoordstatistieken
Hint Antwoord % Correct
7 rusland
95%
11 italie
84%
6 portugal
84%
5 spanje
84%
3 china
79%
10 duitsland
79%
9 frankrijk
79%
2 mongolie
79%
4 nederland
79%
8 vs
68%
12 turkije
63%
1 vk
63%
14 griekenland
47%
15 japan
47%
13 kazachstan
11%
Geen overeenkomende quizzen gevonden
Scoreverdeling
Procent van Mensen met Elke Score
Percentiel versus Aantal Correcte Antwoorden
Uw Scoregeschiedenis
U heeft deze quiz nog niet genomen